000 01174nam a2200229 a 4500
001 000000119
005 20260520104305.0
008 081124s2007 dr a 000 0 spa d
020 _a9945000322
020 _a9789945000320
040 _aDO-SdBNP
_bspa
_cBNPHU
082 _a327.2
_bA473c
100 _aÁlvarez, Ariel A.,
_d1961-
_9397
245 1 0 _aCompendio de notas diplomáticas /
_cAriel A. Álvarez.
260 _aSanto Domingo :
_bSecretaría de Estado de Cultura,
_c2007.
300 _a218 p. :
_bil. ;
_c22 cm.
505 0 _aIntroducción --
_tPrólogo --
_tDefiniciones --
_tLas notas diplomáticas --
_tClasificación de las notas diplomáticas --
_tMedios a través de los cuales se cursan las notas y otras comunicaciones diplomáticas --
_tApuntes para la redacción de las notas diplomáticas --
_tUso de abreviaturas en las notas diplomáticas --
_tApéndice A. Modelos de notas diplomáticas --
_tApéndice B. Notas históricas --
_tApéndice C. Consulta a la Real Academia Española --
_tReferencias.
590 _aInventariado, 2018/BT
650 0 _aDiplomacia
_9398
650 0 _aRelaciones internacionales
_9399
910 _aValidado. Control de calidad. MMOLINA
999 _c119
_d119